MARC details
| 000 -CABECERA |
| campo de control de longitud fija |
03136nam a22002297a 4500 |
| 008 - DATOS DE LONGITUD FIJA--INFORMACIÓN GENERAL |
| campo de control de longitud fija |
251111b |||||||| |||| 00| 0 eng d |
| 020 ## - NÚMERO INTERNACIONAL ESTÁNDAR DEL LIBRO |
| Número Internacional Estándar del Libro |
9782889730476 |
| 040 ## - FUENTE DE LA CATALOGACIÓN |
| Centro/agencia transcriptor |
tbs |
| 041 ## - CÓDIGO DE LENGUA |
| Código de lengua del texto/banda sonora o título independiente |
fre |
| 100 ## - ENTRADA PRINCIPAL--NOMBRE DE PERSONA |
| Nombre de persona |
Dicker, Joël |
| Fechas asociadas al nombre |
1985- |
| 9 (RLIN) |
26472 |
| Término indicativo de función/relación |
author |
| 245 ## - MENCIÓN DE TÍTULO |
| Título |
Wild animal : |
| Mención de responsabilidad, etc. |
/ Joël Dicker |
| 260 ## - PUBLICACIÓN, DISTRIBUCIÓN, ETC. |
| Lugar de publicación, distribución, etc. |
Québec : |
| Nombre del editor, distribuidor, etc. |
Rosie & Wolfe |
| Fecha de publicación, distribución, etc. |
2024. |
| 300 ## - DESCRIPCIÓN FÍSICA |
| Extensión |
397 pages ; |
| Dimensiones |
23 cm. |
| 520 ## - SUMARIO, ETC. |
| Sumario, etc. |
Le 2 juillet 2022, deux criminels se préparent à cambrioler une bijouterie à Genève. Mais même avec un plan infaillible, leur « casse parfait » sera loin de se dérouler sans encombre…<br/><br/>Vingt jours plus tôt, dans une luxueuse propriété au bord du lac Léman, Sophie Braun s’apprête à fêter ses quarante ans. Sa vie semble parfaite : un mariage de conte de fées, deux enfants modèles, une maison moderne nichée au cœur d’une forêt verdoyante. Mais son monde idyllique est sur le point de s’effondrer. Son mari se laisse entraîner dans de petites magouilles. Son voisin, un policier à la réputation irréprochable, est obsédé par elle et épie les moments les plus intimes de sa vie. Puis, le jour de son anniversaire, elle reçoit un cadeau d’un mystérieux rôdeur qui met sa vie en danger.<br/><br/>Il faudra remonter loin dans le passé, bien au-delà de Genève, pour comprendre les origines de ce complot diabolique dont personne ne sortira indemne — pas même le lecteur.<br/><br/>Rythmé à un tempo haletant et traversé d’un suspense saisissant, Un animal sauvage confirme une fois encore pourquoi Joël Dicker — depuis La Vérité sur l’affaire Harry Quebert — règne en maître parmi les auteurs de romans policiers contemporains les plus aimés au monde. |
| 520 ## - SUMARIO, ETC. |
| Sumario, etc. |
On July 2, 2022, two criminals set out to rob a jewelry shop in Geneva. But even with a foolproof plan, their "perfect" heist will prove far from uneventful ... Twenty days earlier, on a luxurious estate along the shores of Lake Geneva, Sophie Braun prepares to celebrate her fortieth birthday. Her life seems perfect: she has a fairytale marriage, two perfect children, and lives in a stylish modern mansion surrounded by lush forest. But her idyllic world is about to crumble. Her husband is becoming embroiled in petty schemes. Her neighbor, a policeman with a spotless reputation, is obsessed with her and spies on the most intimate moments of her life. Then, on her birthday, she receives a gift from a mysterious prowler that endangers her life. It will take many journeys into the past, far from Geneva, to unravel the origins of this diabolical plot from which no one will emerge unscathed, including readers. Told at a breathtaking pace, filled with nerve-jangling suspense, Wild Animal demonstrates once again why Joël Dicker -- since the publication of The Truth About the Harry Quebert Case -- reigns supreme as one of the most beloved contemporary mystery writers in the world today. |
| 650 #0 - PUNTO DE ACCESO ADICIONAL DE MATERIA--TÉRMINO DE MATERIA |
| Término de materia o nombre geográfico como elemento de entrada |
Criminals |
| Subdivisión de forma |
Fiction |
| 9 (RLIN) |
24264 |
| 650 #0 - PUNTO DE ACCESO ADICIONAL DE MATERIA--TÉRMINO DE MATERIA |
| Término de materia o nombre geográfico como elemento de entrada |
Middle-aged women |
| Subdivisión de forma |
Fiction |
| 9 (RLIN) |
24069 |
| 650 #0 - PUNTO DE ACCESO ADICIONAL DE MATERIA--TÉRMINO DE MATERIA |
| Término de materia o nombre geográfico como elemento de entrada |
Secrecy |
| Subdivisión de forma |
Fiction |
| 9 (RLIN) |
25722 |
| 651 #0 - PUNTO DE ACCESO ADICIONAL DE MATERIA--NOMBRE GEOGRÁFICO |
| Nombre geográfico |
Geneva (Switzerland) |
| Subdivisión de forma |
Fiction |
| 9 (RLIN) |
26473 |
| 655 #0 - TÉRMINO DE INDIZACIÓN--GÉNERO/FORMA |
| Datos o término principal de género/forma |
Thrillers (Fiction) |
| 9 (RLIN) |
22669 |
| 942 ## - ELEMENTOS DE ENTRADA AGREGADA (KOHA) |
| Fuente del sistema de clasificación o colocación |
Clasificación de Library of Congress |